| 000 | 00699nam a2200217 i 4500 | ||
|---|---|---|---|
| 001 | 128598 | ||
| 003 | ES-MaACL | ||
| 007 | t| | ||
| 008 | 070521s1985 sp ||||1| spa d | ||
| 020 | _a84-234-0598-2 | ||
| 080 | _a681.31.065 | ||
| 080 | _a658.011.56 | ||
| 100 | 1 |
_aTanguy, Jacques. _9109193 |
|
| 245 | 1 | 0 |
_aElección y compra del software de gestión / _cJacques Tanguy con la colaboración de los ingenieros del C.X.P. ; traducción, Armando Jiménez. |
| 260 |
_aBilbao : _bDeusto, _c1985. |
||
| 300 |
_a171 p. ; _c23 cm. |
||
| 650 | 1 | 7 |
_aProgramas de ordenador _2embne _916468 |
| 700 | 1 |
_aJiménez, Armando. _966397 |
|
| 852 |
_aES-MaACL _jL-8939 _bR.110616 |
||
| 999 |
_c128598 _d128598 |
||